000
003070000a22001330004500
041
0
_a
SPA
082
0
4
_a
G 863 K9694d
100
1
_a
Kurtz, Carmen
245
1
0
_a
Duermen bajo las aguas / Carmen Kurtz
260
_a
Barcelona, España : Círculo de Lectores
300
_a
299 Pag
001
11096
942
_c
BK
999
_c
40467
_d
40467